Statistics for Country Identification Quiz

Click here to take the quiz!

General Stats

  • This quiz has been taken 28 times
  • The average score is 3 of 9

Answer Stats

Area Sq KmPopFlag ColourContinentAnswer% Correct
11,0002,994,667Red/BlackEuropeAlbanie
64%
292,25816,888,670Red/White/BlueS AmericaChili
50%
26,9111,576,665Blue/Yellow/GreenAfricaGabon
43%
16,6395,077,098Red/WhiteEuropeDanemark
29%
176,2153,444,06Blue,Yellow,WhiteS AmericaUruguay
21%
331,21294,669,072Red/YellowAsiaViêt Nam
21%
238,29719,778,303Blue,Yellow,RedEuropeRoumanie
18%
10,4521,924,996Red/White/GreenAsiaLiban
11%
652,23034,656,032Green,Red,Black,WhiteAsiaAfghanistan
7%

Score Distribution

Percentile by Number Answered

Percent of People with Each Score

Your Score History

You have not taken this quiz